Statystyki dla Stare Flagi Państw

Kliknij tutaj aby rozwiązać quiz!

Ogólne statystyki

  • Ten quiz został rozwiązany 2 632 razy
  • Średni wynik to 9 z 24

Statystyki odpowiedzi

Odpowiedź% Poprawnych
Cesarstwo Meksyku
82%
Królestwo Prus
70%
Cesarstwo Niemieckie
63%
Zjednoczone Prowincje Rio de La Plata
63%
Rzeczpospolita Obojga Narodów
61%
Stany Zjednoczone Ameryki
61%
Królestwo Francji
51%
Białoruska Republika Ludowa
49%
Syryjska Republika Arabska
45%
Rosyjska Socjalistyczna Federacyjna Republika Radziecka
44%
Republika Chińska
43%
Wielka Arabska Libijska Dżamahirijja Ludowo-Socjalistyczna
43%
Hospodarstwo Mołdawskie
35%
Królestwo Czarnogóry
32%
Republika Wietnamu
29%
Republika Zairu
26%
Rzeczpospolita Krakowska
19%
Królestwo Sardynii
17%
Demokratyczna Republika Afganistanu
10%
Drugie Państwo Bułgarskie
10%
Ludowo-Demokratyczna Republika Jemenu
9%
Ludowa Republika Beninu
7%
Demokratyczna Republika Sudanu
6%
Demokratyczna Republika Mołdawii
4%

Rozkład punktacji

Percentyl według liczby udzielonych odpowiedzi

Procent ludzi z każdym wynikiem

Twoja historia wyników

Nie rozwiązałeś tego quizu